| 000 | 00878nam a2200289 i 4500 | ||
|---|---|---|---|
| 001 | bg | ||
| 100 | 1 |
_aMacLean, Alistair _d(1922-1987). |
|
| 245 | 1 | 0 |
_aDziała Nawarony / _cAlistair MacLean ; przekł. Adam Kaska. |
| 246 | 1 |
_iTyt. oryg.: _aGuns of Navarone |
|
| 260 |
_aKraków : _b"Mediasat Poland", _c[2004]. |
||
| 300 |
_a245, [2] s., [2] k. tabl. ; _c22 cm. |
||
| 490 | 1 |
_aKolekcja Gazety Wyborczej : XX wiek ; _v11 |
|
| 500 | _aTyt. oryg.: "The guns of Navarone" 1957. | ||
| 650 | 9 |
_aPowieść angielska _y20 w. |
|
| 700 | 1 |
_aKaska, Adam _d(1922-1986). _eTł. |
|
| 830 | 0 |
_aKolekcja Gazety Wyborczej ; _v11 |
|
| 020 | _a8389651602 | ||
| 020 | _a8497895495 | ||
| 040 | _cBPK | ||
| 041 | 1 |
_apol _heng |
|
| 044 | _aPOL | ||
| 080 | _a821.111-3 | ||
| 920 | _a83-89651-60-2 | ||
| 920 | _a84-9789-549-5 | ||
| 942 | _cKS | ||
| 008 | s pl f |000 0 pol | ||
| 999 |
_c55648 _d55648 |
||
| 856 |
_uhttp://koha.tu.koszalin.pl/cgi-bin/koha/opac-detail.pl?biblionumber=55648 _yKatalog online BPK |
||